| 000 | 00914nam0a2200289 4500 | ||
|---|---|---|---|
| 001 | RU\NLR\bibl\424505 | ||
| 005 | 20260406002648.0 | ||
| 010 |
_a5-17-018828-5 _913000 |
||
| 021 |
_aRU _b2003-37076 _91757 |
||
| 035 | _a(NLR Aleph) 000418405 | ||
| 090 |
_a679314 _c679314 |
||
| 100 | _a20030731d2003 |||y0rusy50 ca | ||
| 101 | 1 |
_arus _ceng |
|
| 102 | _aRU | ||
| 105 | _ay ||||||||| | ||
| 200 | 1 |
_aДжунгли страсти _eРоман _fДжилл Барнет _g[Пер. с англ. Е.А. Коротнян] |
|
| 210 |
_aМ. _cАСТ _d2003 |
||
| 215 |
_a318 c. _d17 |
||
| 225 | 1 |
_aОчарование _vВып. 404 |
|
| 225 | 1 | _aМини Шарм | |
| 686 | _aШ6(7США)67-440.4{Лх1979-50} | ||
| 700 | 1 |
_4070 _8rus _7ca _aБарнет _bД. _gДжилл _3RU\NLR\auth\77112200 _995125 |
|
| 801 | 0 |
_aRU _bNLR _c20030731 _gPSBO |
|
| 801 | 1 |
_aRU _bNLR _c20030731 |
|
| 942 | _cBOOK | ||
| 980 | _aNB | ||